000 00548nam a2200229Ia 4500
003 OSt
005 20220918204928.0
006 a|||||r|||| 00| 0
007 ta
008 220917b |||||||| |||| 00| 0 eng d
024 _a114,772
037 _cTextual
040 _aARTS
_cARTS
_beng
041 _2eng
_aeng
082 _aV58:4:N4, H4
100 _aWhite D F
_9113643
245 0 _aGrowth of the Red Army
260 _c1944
650 _aHISTORY
942 _hV58:4:N4, H4
_cTEXL
_2CC
999 _c238102
_d238102